00286nam a2200133Ia 4500100002200000650001200022250000700034654001300041245003400054260002300088082002100111300000800132546001200140 aLesikar/ Peltit.  aGeneral a10 abusiness aReport Writing for Business bMc Graw Hillc1998 a808.066bLES/PET a439 aENGLISH